000 00639nam a22002057a 4500
005 20230512222111.0
008 180523t xxu||||| |||| 00| 0 eng d
020 _a9789814336710
040 _cCSPC
082 0 _a647.94
_bSz26h
100 _aSzende, Peter
_eauthor.
245 0 0 _aHospitality supervision :
_bcase scenarios
_cPeter Szende
260 _aSingapore :
_bCengage Learning,
_c2011.
300 _a167 pages :
_btables ;
_c23 cm.
650 1 0 _aHospitality industry
_xPersonnel management.
940 _aLenie
942 _cBOOK
_jCIR 647.94 Sz26h 2011
999 _c4866
_d4866